000
00305nam a22001457a 4500
003
SGT
082
_a
617.96
_b
R06D
100
_a
DHIKAV, VIKAS
245
_a
RAPID REVIEW OF ANESTHESIA
250
_a
1ST
260
_a
INDIA
_b
AITBS PUB
_c
2006
300
_a
182
650
_a
ANESTHESIA
942
_2
ddc
_c
BK
999
_c
18469
_d
18469